000 01083cam a2200289 i 4500
001 18007400
003 ARRUPE
005 20151006081735.0
008 140114s2014 enk b 001 0 eng
010 _a 2013038868
020 _a9781444330526 (cloth)
020 _a9781444330533 (pbk.)
040 _aDLC
_beng
_cDLC
_erda
_dDLC
042 _apcc
050 0 0 _aBL51
_b.S435 2014
082 0 0 _a210.1
_223
100 1 _aSchilbrack, Kevin,
_d1964-
_920033
245 1 0 _aPhilosophy and the study of religions :
_ba manifesto /
_cKevin Schilbrack.
300 _axx, 226 pages ;
_c24 cm
504 _aIncludes bibliographical references (pages 207-222) and index.
650 0 _aReligion
_xPhilosophy.
_920034
650 0 _aReligions.
_920035
776 0 8 _iOnline version:
_aSchilbrack, Kevin, 1964-
_tPhilosophy and the study of religions
_dHoboken : Wiley, 2014
_z9781118323076
_w(DLC) 2014002853
906 _a7
_bcbc
_corignew
_d1
_eecip
_f20
_gy-gencatlg
942 _2lcc
_cMONOGRAPH
999 _c123445
_d123445